000 00487nam a2200181Ia 4500
008 240925s9999 xx 000 0 und d
020 _a9789698486204
082 _a352.639541 KHA
100 _aNot - Available
245 0 _aCivil Services of Pakistan: dilemmas and challenges
250 _aNA
260 _aLahore:
_bAllied Book Comp
_c,2016.
300 _a266p.
_b0
_fOriginal
500 _aIncludes Index
600 _aSocial Sciences
650 _aSocial Sciences
942 _cBK
999 _c16856
_d16856